Calcul mental #Spécial fléchettes (mais pour tout le monde) - Statistiques

Statistiques générales
  • Ce quiz a été pris 773 fois
  • Le résultat moyen est 10 sur 13
Statistiques - réponses
Hint Réponse % Correct
Double 15 30
99%
Double 16 32
98%
Double 17 34
95%
Double 18 36
94%
Double 19 38
93%
Double 20 40
93%
Double Bull (2x25) 50
85%
Triple 15 45
81%
Triple 16 48
65%
Triple 17 51
53%
Triple 18 54
47%
Triple 20 60
39%
Triple 19 57
38%
Aucun quiz correspondant
Distribution des résultats
% des personnes avec chaque résultat
Percentile par nombre de réponses
Votre historique - résultats
Vous n’avez pas pris ce quiz